banner-ar

جماعات اليهودية فى شمال غرب الجزيرة العربية : (Record no. 57401)

MARC details
000 -الفاتح
حقل البيانات ثابتة الطول 00976nam a2200205Ia 4500
008 - عناصر البيانات ثابتة الطول - معلومات عامة
حقل البيانات ثابتة الطول 140319s9999 xx 000 0 ara d
040 ## - مصدر الفهرسة
وكالة الفهرسة الأصلية GCL /
وكالة النسخ GCL
082 04 - رقم تصنيف ديوى العشرى
رقم التصنيف 305.8924
رقم المادة أ ج
100 1# - المدخل الرئيسى - إسم شخصى
الإسم الشخصى اسامة جمعة الاشقر
245 10 - بيان العنوان
العنوان جماعات اليهودية فى شمال غرب الجزيرة العربية :
بقية العنوان دراسة فى اصولهم وقبائلهم ونظم حياتهم السياسية والاجتماعية والثقافية والدينية ولغتهم وكتابتهم فى الجاهلية وصدر الاسلام /
بيان المسئوليه,etc اسامة جمعة الاشقر
250 ## - بيان الطبعة
بيان الطبعة الاولى
260 ## - PUBLICATION, DISTRIBUTION, ETC. (IMPRINT)
تاريخ النشر أو التوزيع 2004
300 ## - الوصف المادى
التعداد 94ص ؛
أبعاد الوعاء 24سم
650 04 - المدخل الاضافى بالموضوع-مصطلح موضوعى
مصطلح موضوعي الاقليات
650 04 - المدخل الاضافى بالموضوع-مصطلح موضوعى
مصطلح موضوعي اليهود - الاحوال الاجتماعية
650 04 - المدخل الاضافى بالموضوع-مصطلح موضوعى
مصطلح موضوعي اليهود - الاحوال الاقتصادية
650 04 - المدخل الاضافى بالموضوع-مصطلح موضوعى
مصطلح موضوعي اليهود - الاحوال السياسية
942 ## - عناصر المدخل الإضافي( كوها)
مصدر التصنيف او مخطط الترفيف Dewey Decimal Classification
Koha [default] item type كتاب
260 ## - PUBLICATION, DISTRIBUTION, ETC. (IMPRINT)
-- [S.N] :
-- اسامة جمعة الاشقر ،
Holdings
حالة التراجع حالة الفقد حالة تلف ليس للاعارة المكان المؤقت الموقع الحالى تاريخ الاكتساب اجمالي اﻻعارات رقم الطلب الباركود تاريخ اخر مشاهدة تاريخ تفعيل السعر نوع وعاء كوها
        مكتبة القاهرة الكبرى مكتبة القاهرة الكبرى 03/26/2014   305.8924\ أ ج 145740 03/26/2014 03/26/2014 كتاب
        مكتبة القاهرة الكبرى مكتبة القاهرة الكبرى 03/26/2014   305.8924\ أ ج 145741 03/26/2014 03/26/2014 كتاب

Powered By

EGPV